000 00556cam a22001931i 4500
001 sa 64003252
003 DLC
005 20260227112016.0
008 830412s1963 io a 000 1 ind
010 _asa 64003252
035 _a(OCoLC)9399061
040 _aDLC
_cOAU
_dDLC
042 _apremarc
050 0 0 _aPL5089.B6
_bK5
100 1 _aBoe, Beng Tjoe.
245 1 0 _aKisah membunuh naga ;
_b(Ie thian to liong) /
_cditjeritakan oleh Boe Beng Tjoe.
260 _aDakarta :
_bMekar Djaja,
_c1963.
300 _a22 pts. in 3 v. (1268 p.) :
_bill. ;
_c18 cm.
999 _c57799
_d57799